| 000 | 00753nam a2200181Ia 4500 | ||
|---|---|---|---|
| 008 | 090630s9999 xx 000 0 und d | ||
| 082 | _b7820 | ||
| 100 | _aमेणजोगे सिताराम. | ||
| 245 |
_aआम्ही पोष्टातील माणसे. _cमेणजोगे सिताराम. |
||
| 260 |
_bसौ. मुळे नम्रता; वसई रोड. _c1985 |
||
| 300 | _a114 | ||
| 600 | _aमेणजोगे सिताराम. | ||
| 630 | _aआम्ही पोष्टातील माणसे. | ||
| 655 | _aलघुकथा. | ||
| 700 | _aमेणजोगे सिताराम. | ||
| 730 | _aआम्ही पोष्टातील माणसे. | ||
| 942 | _cBOOK | ||
| 999 |
_c259676 _d259676 |
||